Labor del pleno... (Record no. 45886)

MARC details
000 -LEADER
campo de control de longitud fija 00701nam a2200181 i 4500
001 - NÚMERO DE CONTROL
campo de control 45886
003 - IDENTIFICADOR DE NÚMERO DE CONTROL
campo de control ES-MaACL
005 - FECHA Y HORA DE LA ÚLTIMA TRANSACCIÓN
campo de control 20230906161307.0
007 - CAMPO FIJO DE DESCRIPCIÓN FÍSICA--INFORMACIÓN GENERAL
campo de control de longitud fija t|
008 - DATOS DE LONGITUD FIJA--INFORMACIÓN GENERAL
campo de control de longitud fija 030327m19271930sp ||||1| spa d
110 2# - ENTRADA PRINCIPAL--NOMBRE DE ENTIDAD CORPORATIVA
Nombre de entidad corporativa o nombre de jurisdicción como elemento de entrada Comisión Asesora Nacional Patronal y Obrera (España)
9 (RLIN) 3007
245 10 - MENCIÓN DEL TÍTULO
Título Labor del pleno...
Resto del título : resúmen de las sesiones celebradas : acuerdos documentación anexa /
Mención de responsabilidad, etc. Comisión Asesora Nacional Patronal y Obrera.
260 ## - PUBLICACIÓN, DISTRIBUCIÓN, ETC.
Lugar de publicación, distribución, etc. Madrid :
Nombre del editor, distribuidor, etc. [s.n.,
Fecha de publicación, distribución, etc. 1927-1930] (
Fabricante Sucs. de M. Minuesa)
300 ## - DESCRIPCIÓN FÍSICA
Extensión IV, VIII ;
Dimensiones 24 cm.
500 ## - NOTA GENERAL
Nota general Precede al tít.: Instituto Nacional de Previsión.
710 2# - ENTRADA AGREGADA--NOMBRE DE ENTIDAD CORPORATIVA
Nombre de entidad corporativa o nombre de jurisdicción como elemento de entrada Instituto Nacional de Previsión (España)
9 (RLIN) 5180
852 ## - LOCALIZACIÓN
Ubicación ES-MaACL
Número de control de estantería C-7313-17
Holdings
Estatus retirado Estado de pérdida Estado de daño No para préstamo Biblioteca de origen Biblioteca actual Ubicación en estantería Fecha de adquisición Fuente de adquisición Total de préstamos Signatura topográfica completa Código de barras Visto por última vez Precio de reemplazo Tipo de ítem Koha
        Biblioteca del Ateneo de Madrid Biblioteca del Ateneo de Madrid Sala Palomar 17/01/2008     C-7313-17 1048272 23/02/2023 23/02/2023 Libro impreso